[Event "Lilie op"]
[Site "Litomysl"]
[Date "1997.??.??"]
[Round "6"]
[White "Ianov, Viktor"]
[Black "Segal, Naum"]
[Result "0-1"]
[WhiteElo "2300"]
[BlackElo "2120"]

1.Nf3 d5 2.g3 Bg4 3.Bg2 Nd7 4.d4 e6 5.O-O Ngf6 6.c4 Bxf3 7.Bxf3 c6 8.Qc2 Be7
9.Rd1 O-O 10.b3 Re8 11.Bb2 Bd6 12.Nc3 Qe7 13.a3 Rad8 14.Bg2 Bb8 15.Rac1 Nb6
16.c5 Nbd7 17.b4 e5 18.e3 a6 19.a4 e4 20.b5 axb5 21.axb5 Ng4 22.Qe2 Qg5 23.h3 Nxf2
24.Qxf2 Bxg3 25.Qd2 Re6 26.Ne2 Bb8 27.bxc6 bxc6 28.Rf1 Rh6 29.Nf4 f5 30.Bc3 Rf8
31.Kh1 Qe7 32.Rg1 g5 33.Ne2 Kh8 34.Rgf1 Rh4 35.Ng1 f4 36.exf4 gxf4 37.Rce1 e3
38.Nf3 Rh5 39.Qb2 Qe6 40.Re2 Nf6 41.Nh2 Rg8 42.Qb1 Rh4 43.Rb2 Bc7 44.Qe1 Rh5
45.Qb1 Rhg5 46.Nf3 e2 47.Nxg5 exf1=Q+ 48.Qxf1 Rxg5 49.Re2 Qd7 50.Be1 Nh5
51.Qf3 Qf7 52.Ra2 Qe8 53.Bh4 Ng3+ 54.Kh2 Rg6 55.Ra7 Qb8 56.Ra1 Qb2 57.Ra8+ Kg7
58.Ra7 Qb8 59.Ra3 Kh6 60.Rb3 Qe8 61.Rb7 Qc8 62.Rb2 Nf5 63.Bf2 Qd8 64.Rb7 Qc8
65.Rb1 Qg8 66.Kh1 Ng3+ 67.Bxg3 Rxg3 68.Qf2 Qg5 69.Rb7 f3 70.Bf1 Qf4 71.Rxc7 Qxc7
72.Qe3+ Kh5 73.Qe8+ Kh4 74.Qf8 Qg7 75.Qf4+ Kh5 76.Qf5+ Kh6 77.Qe6+ Kg5 78.Qe3+ Kh5
79.Qe8+ Qg6 80.Qe3 Qe4 81.Qf2 Rg5 82.Kh2 Qf4+ 83.Kh1 Rg3 84.Qe1 Rg6 85.Qe7 h6
86.Qe1 Qxd4 87.Ba6 Qh4 88.Qf1 Qg3  0-1

[Event "SLO-chT"]
[Site "Ljubljana"]
[Date "1997.??.??"]
[Round "?"]
[White "Dizdar, Goran"]
[Black "Polajzer, Danilo"]
[Result "1-0"]
[WhiteElo "2545"]
[BlackElo "2440"]

1.Nf3 d5 2.g3 g6 3.Bg2 Nf6 4.b3 Bg7 5.Bb2 O-O 6.O-O c5 7.c4 Nc6 8.cxd5 Nxd5
9.Bxg7 Kxg7 10.d4 cxd4 11.Nxd4 Ndb4 12.Nxc6 Nxc6 13.Qc1 Qd4 14.Nc3 Be6 15.Rd1 Qe5
16.Rd3 Rac8 17.Re3 Qd4 18.Qb2 Rfd8 19.Bxc6 bxc6 20.Rd1 Qf6 21.Qc1 Bh3 22.Red3 Rxd3
23.Rxd3 c5 24.Nd5 Qe5 25.Qc3 Qxc3 26.Rxc3 Be6 27.Nf4 Kf6 28.f3 g5 29.Nxe6 Kxe6
30.Rc4 Kd6 31.Ra4 Rc7 32.h4 f6 33.Kf2 gxh4 34.Rxh4 e6 35.Ra4 f5 36.Ke3 e5
37.Kd3 Kc6 38.Ra6+ Kb5 39.Re6 Rd7+ 40.Kc3  1-0

[Event "SLO-chT"]
[Site "Ljubljana"]
[Date "1997.??.??"]
[Round "?"]
[White "Dizdar, Goran"]
[Black "Drinovec, Ales"]
[Result "1-0"]
[WhiteElo "2545"]
[BlackElo "2200"]

1.Nf3 d5 2.g3 Bg4 3.Bg2 Qc8 4.c4 dxc4 5.Ne5 c6 6.Qc2 Bh3 7.Qxc4 Nh6 8.O-O Bxg2
9.Kxg2 f6 10.Nf3 e5 11.d4 Nf7 12.dxe5 fxe5 13.Ng5 Nxg5 14.Bxg5 Qd7 15.Rd1 Bd6
16.Nc3 h6 17.Rxd6  1-0

[Event "Ljubljana op"]
[Site "Ljubljana"]
[Date "1997.??.??"]
[Round "2"]
[White "Guid, Matej"]
[Black "Burmakin, Vladimir"]
[Result "1/2-1/2"]
[WhiteElo "2130"]
[BlackElo "2530"]

1.Nf3 d5 2.g3 Nd7 3.d4 c5 4.Bg2 cxd4 5.Nxd4 e5 6.Nb3 Nb6 7.O-O Nf6 8.a4 Be7
9.a5 Nc4 10.N1d2 Qc7 11.a6 b5 12.Nxc4 bxc4 13.Bxd5 Rb8 14.Na5 Bxa6 15.Bc6+ Kf8
16.Bg2 Bb5 17.Qe1 h5 18.Qc3 Bc5 19.e3 Bd6 20.Rd1 e4 21.Bf1 Rc8 22.Nxc4 Bxc4
23.Qxc4 Qxc4 24.Bxc4 Rxc4 25.Rxd6 Rxc2 26.Bd2 Rxb2 27.Rd8+ Ne8 28.Rxa7 Rh6
29.Bc3 Rb1+ 30.Kg2 Re6 31.Bd4 Rb5 32.Rdd7 Rf5 33.h3 Rc6 34.g4 hxg4 35.hxg4 Rf3
36.Rd8 Rc2 37.Raa8 Rcxf2+ 38.Kg1 Rf1+ 39.Kg2 R3f2+ 40.Kh3 Rf3+ 41.Kg2  1/2-1/2

[Event "Ljubljana"]
[Site "Ljubljana"]
[Date "1997.??.??"]
[Round "3"]
[White "Vukic, Milan"]
[Black "Soln, Primoz"]
[Result "1/2-1/2"]
[WhiteElo "2490"]
[BlackElo "2320"]

1.Nf3 d5 2.g3 c6 3.Bg2 Bg4 4.b3 Nd7 5.Bb2 Ngf6 6.O-O e6 7.c4 a5 8.d4 a4 9.c5 axb3
10.axb3 Rxa1 11.Bxa1 Be7 12.b4 O-O 13.Nbd2 Qc7 14.Qa4 b5 15.Qa6 Qc8 16.Qa5 Qb7
17.Qa3 Ra8 18.Qb3 Ra4 19.Bb2 Qa8 20.Re1 Bf5  1/2-1/2

[Event "Ljubljana"]
[Site "Ljubljana"]
[Date "1997.??.??"]
[Round "4"]
[White "Barle, Janez"]
[Black "Efimov, Igor"]
[Result "0-1"]
[WhiteElo "2450"]
[BlackElo "2530"]

1.Nf3 d5 2.g3 c5 3.Bg2 f6 4.d4 cxd4 5.Nxd4 e5 6.Nb3 Ne7 7.O-O Nbc6 8.Na3 Bg4
9.c4 d4 10.h3 Bh5 11.Nc5 b6 12.Nb7 Qd7 13.Nb5 Nf5 14.Qa4 Rc8 15.g4 Nh4 16.Bd5 Bf7
17.Be4 a5 18.f4 Qxb7 19.fxe5 Bc5 20.exf6 O-O 21.fxg7 Kxg7 22.Bg5 Ng6 23.Bf6+ Kg8
24.h4 d3+ 25.Kh1 dxe2 26.Rf3 Rce8 27.Nc3 Rxe4 28.Nxe4 Nd4 29.Re3 Re8  0-1

[Event "Ljubljana"]
[Site "Ljubljana"]
[Date "1997.??.??"]
[Round "9"]
[White "Vukic, Milan"]
[Black "Mencinger, Vojko"]
[Result "1-0"]
[WhiteElo "2490"]
[BlackElo "2395"]

1.Nf3 d5 2.g3 c6 3.Bg2 Bg4 4.b3 Nd7 5.Bb2 Ngf6 6.O-O e6 7.d3 Bc5 8.d4 Be7
9.c4 O-O 10.Nc3 h6 11.h3 Bf5 12.Nd2 Bg6 13.e4 dxe4 14.Ndxe4 Nxe4 15.Nxe4 Nf6
16.Nd2 Qa5 17.a3 Rad8 18.Qc1 Rfe8 19.Bc3 Qc7 20.Qb2 Rd7 21.Rfe1 Rdd8 22.Re2 Bd3
23.Re3 Bh7 24.Rae1 Qd6 25.a4 Bf5 26.Nf3 Qc7 27.Ne5 c5 28.Nf3 b6 29.d5 exd5
30.Bxf6 gxf6 31.cxd5 Bc8 32.Qe2 Kf8 33.Nd2 f5 34.Nc4 Ba6 35.Qb2 Kg8 36.d6 Rxd6
37.Nxd6 Qxd6 38.Qc2 Bc8 39.Bf1 Be6 40.Bc4 Bf6 41.Kg2 Kg7 42.Bxe6 fxe6 43.Qc4 Kf7
44.Rf3 Qc6 45.Rd1 a5 46.Rd3 Rc8 47.g4 Rg8 48.Kf1 fxg4 49.hxg4 Rg5 50.Qf4 e5
51.Qc4+ Kg7 52.Qd5 Qxd5 53.Rxd5 Rxg4 54.Rd7+ Kg6 55.Rd6 Rf4 56.Rxf4 exf4
57.Kg2 Kf5 58.Rxb6 Bc3 59.Kf3 Ke5 60.Rxh6 Bb4 61.Rh3 c4 62.bxc4 Kd4 63.Kxf4 Bd6+
64.Kf3 Kxc4 65.Ke2 Bb4 66.f4 Be7 67.f5 Kb4 68.Re3  1-0

[Event "Loures2"]
[Site "Loures"]
[Date "1997.??.??"]
[Round "7"]
[White "Damaso, Rui"]
[Black "Santos, Carlos P"]
[Result "1-0"]
[WhiteElo "2465"]
[BlackElo "2340"]

1.Nf3 d5 2.g3 c5 3.Bg2 Nc6 4.d4 e6 5.O-O Nf6 6.c4 dxc4 7.Na3 cxd4 8.Nxc4 Be7
9.Qb3 Nd5 10.Rd1 Bf6 11.Bf4 O-O 12.Be5 Nxe5 13.Ncxe5 Qd6 14.Ng4 e5 15.Nfxe5 Be6
16.Bxd5 Bxd5 17.Rxd4 Rad8 18.Nxf6+ gxf6 19.Nc4 Qe6 20.Qd1 Rd7 21.Ne3 Rfd8
22.Nxd5 Rxd5 23.Rxd5 Rxd5 24.Qc2 Rh5 25.Rc1 Kg7 26.Qc8 Qxe2 27.Qxb7 Rb5 28.Qxa7 Rxb2
29.a4 Rd2 30.h4 Ra2 31.Qd4 Rd2 32.Qf4 Rd5 33.Rc6 Qe5 34.Qxe5 Rd1+ 35.Kg2 fxe5
36.a5 Ra1 37.a6 e4 38.g4 Ra2 39.Kg3 Ra3+ 40.Kg2 e3 41.fxe3 Rxe3 42.g5 Ra3
43.Kf2 Ra4 44.h5 Kf8 45.h6 Ke7 46.Kf3 Ra5 47.Rc7+ Ke6 48.a7 Ra4 49.g6  1-0

[Event "Rheinhessen-ch M2"]
[Site "Mainz"]
[Date "1997.??.??"]
[Round "1"]
[White "Bauer, Claus"]
[Black "Sabel, Reinhard"]
[Result "1-0"]
[WhiteElo "2185"]
[BlackElo "2050"]

1.Nf3 d5 2.g3 c6 3.Bg2 Bg4 4.O-O Nd7 5.d3 Ngf6 6.Nbd2 e6 7.e4 Bxf3 8.Qxf3 dxe4
9.dxe4 Ne5 10.Qe2 Be7 11.Nc4 Nxc4 12.Qxc4 O-O 13.Bf4 Qa5 14.Qb3 Qb4 15.Qxb4 Bxb4
16.Rfd1 Ba5 17.Bd6 Rfe8 18.e5 Nd5 19.c4 Ne7 20.b4 Bb6 21.b5 Rac8 22.Rac1 Nf5
23.bxc6 bxc6 24.c5 Bd8 25.Rb1 Ne7 26.Rb8 Rxb8 27.Bxb8 Nd5 28.Bxa7 Bc7 29.Bxd5 exd5
30.f4 Ra8 31.Bb6 Bb8 32.Rd2 Kf8 33.Kg2 Ke8 34.Kf3 Ra4 35.Ke2 Kd7 36.Kd1 Bc7
37.Bxc7 Kxc7 38.Kc1 Ra5 39.Rc2 Rb5 40.Kd2 Kb7 41.Kd3 Ka6 42.f5 Rb7 43.e6 fxe6
44.fxe6 Re7 45.Re2 Kb5 46.Kd4 Kb4 47.Re3  1-0

[Event "Rheinhessen-ch M2"]
[Site "Mainz"]
[Date "1997.??.??"]
[Round "6"]
[White "Klein, Christoph"]
[Black "Sabel, Reinhard"]
[Result "0-1"]
[WhiteElo "1936"]
[BlackElo "2050"]

1.Nf3 d5 2.g3 c6 3.Bg2 Bg4 4.O-O Nd7 5.d3 Ngf6 6.Nbd2 e6 7.c4 Bd6 8.a3 a5
9.b3 O-O 10.Bb2 Qe7 11.h3 Bh5 12.Nd4 Bg6 13.e4 Nc5 14.Qe2 Nfd7 15.Nc2 dxe4
16.dxe4 Rfd8 17.Ne1 h6 18.f4 e5 19.f5 Bh7 20.Nd3 Nxd3 21.Qxd3 Nc5 22.Qc2 Bc7
23.Nf3 f6 24.Rfd1 Rxd1+ 25.Rxd1 Rd8 26.Ne1 Rxd1 27.Qxd1 Qd6 28.Qc2 Kh8 29.Kf1 Bg8
30.b4 axb4 31.axb4 Nxe4 32.Bxe4 Qxb4 33.Bd3 e4 34.Be2 Bxg3 35.Qc3 Qd6 36.Ng2 Be5
37.c5 Qd7 38.Qb4 Qxf5+ 39.Ke1 Bxb2 40.Qxb2 Qxc5 41.Nf4 Qg1+ 42.Bf1 Bc4 43.Ng6+ Kh7  0-1

[Event "Greenhills op"]
[Site "Manila"]
[Date "1997.??.??"]
[Round "6"]
[White "Villamayor, Bong"]
[Black "Sales, Jesse Noel"]
[Result "1-0"]
[WhiteElo "2280"]
[BlackElo "2330"]

1.Nf3 d5 2.g3 c5 3.Bg2 Nc6 4.d4 Nf6 5.O-O cxd4 6.Nxd4 Bd7 7.c4 e5 8.Nxc6 Bxc6
9.cxd5 Bxd5 10.Qa4+ Qd7 11.Qxd7+ Kxd7 12.Rd1 Ke6 13.Bh3+ Ke7 14.Nc3 Bc6 15.Be3 b6
16.Rac1 Rd8 17.a4 Rxd1+ 18.Rxd1 g6 19.a5 Bg7 20.axb6 axb6 21.Bxb6 Rb8 22.Bc5+ Ke8
23.Rd6 Ba8 24.Ra6 Bb7 25.Rb6 Nd7 26.Bxd7+ Kxd7 27.Bd6 Rg8 28.Rxb7+ Kxd6 29.Rxf7 Ke6
30.Rb7 h6 31.e4 h5 32.Nd5 Bh6 33.Rb6+ Kf7 34.Rf6+  1-0

[Event "Manresa op"]
[Site "Manresa"]
[Date "1997.??.??"]
[Round "4"]
[White "Mowsziszian, Karen"]
[Black "Garcia Cano, Antonio"]
[Result "1-0"]
[WhiteElo "2490"]
[BlackElo "2215"]

1.Nf3 d5 2.g3 g6 3.Bg2 Bg7 4.d3 Nf6 5.Nbd2 O-O 6.e4 c5 7.O-O Nc6 8.c3 dxe4
9.dxe4 Ng4 10.Qe2 Nge5 11.Ne1 Qb6 12.f4 Ng4 13.Kh1 Rd8 14.h3 Nf6 15.g4 Qc7
16.Nc2 Be6 17.e5 Nd5 18.Ne4 Nb6 19.Na3 Bd5 20.h4 Na5 21.b3 Bxe4 22.Bxe4 a6
23.h5 Nd5 24.Bd2 e6 25.Rf2 Nc6 26.Raf1 b5 27.hxg6 hxg6 28.Nc2 Ra7 29.Rh2 b4
30.cxb4 Ndxb4 31.Nxb4 Nxb4 32.Qf2 Rd4 33.Bg2 Qd8 34.Be3 Nd3 35.Qg3 Rdd7 36.Qh3 Rac7
37.f5 exf5 38.gxf5 gxf5 39.Qh7+ Kf8 40.Bh6 Nf2+ 41.Rxf2 Rd1+ 42.Bf1 Qd5+
43.Rhg2 Bxh6 44.Qxh6+ Ke8 45.Kg1 Qd4 46.Rg8+ Kd7 47.Qf6  1-0

[Event "Marostica op"]
[Site "Marostica"]
[Date "1997.??.??"]
[Round "8"]
[White "Di Lazzaro, Gabriele"]
[Black "De Vita, Gianni"]
[Result "0-1"]
[WhiteElo "2095"]
[BlackElo "2170"]

1.Nf3 d5 2.g3 c6 3.Bg2 e6 4.d4 f5 5.O-O Nf6 6.c4 Bd6 7.b3 Qe7 8.Ne5 O-O 9.Bb2 Nbd7
10.Nd2 Ne4 11.Qc2 Nxe5 12.dxe5 Bc5 13.Nxe4 fxe4 14.e3 Bd7 15.a3 a5 16.Ra2 Be8
17.Rc1 Bb6 18.c5 Bc7 19.Bd4 Bh5 20.Rb2 Qg5 21.b4 axb4 22.axb4 Bxe5 23.Bxe5 Qxe5
24.b5 Ra3 25.bxc6 bxc6 26.Rb6 Be8 27.Qb2 Qxb2 28.Rxb2 Bh5 29.Bh3 Rf6 30.Rb8+ Kf7
31.Rb7+ Kf8 32.Rb8+ Be8 33.Rc2 g5 34.Bg4 Ke7 35.Rb7+ Bd7 36.Kg2 Kd8 37.Rb8+ Bc8
38.Be2 Kc7 39.Rb6 Ra5 40.Rb4 Rf8 41.Rb1 Rd8 42.Rh1 e5 43.g4 d4 44.Bd1 Ra1
45.Rd2 Be6 46.h4 Rxd1 47.Rhxd1 Bxg4 48.Ra1 d3 49.Ra7+ Kc8 50.Ra8+ Kd7 51.Rxd8+ Kxd8
52.hxg5 Ke7 53.Kf1 Ke6 54.Ke1 Kd5 55.Ra2 Kxc5 56.Ra7 Bf5 57.Kd2 Kd6 58.Kc3 Bg6
59.Rb7 Ke6 60.Rc7 Kf5 61.Rxc6 Kxg5 62.Kd2 h5 63.Rc1 Bf5 64.Rc5 Kf6 65.Rc6+ Kf7
66.Ke1 h4 67.Rh6 h3 68.Rh8 Kg7 69.Rh4 Kg6 70.Rh8 Bg4 71.Rg8+ Kf5 72.Rf8+ Kg5
73.Rh8 Bh5 74.Rg8+ Kh4 75.Rg1 h2 76.Rh1 Kh3  0-1

[Event "CUB-ch"]
[Site "Matanzas"]
[Date "1997.??.??"]
[Round "12"]
[White "Vera, Reynaldo"]
[Black "Rodriguez, Amador"]
[Result "1/2-1/2"]
[WhiteElo "2510"]
[BlackElo "2555"]

1.g3 d5 2.Nf3 Nf6 3.Bg2 c6 4.O-O Bg4 5.b3 Nbd7 6.c4 e6 7.Bb2 Be7 8.d3 O-O
9.Nbd2 a5 10.a3 Qb6 11.Qc2 Rfe8 12.Bc3 e5  1/2-1/2

[Event "CRO-chT"]
[Site "Medulin"]
[Date "1997.??.??"]
[Round "?"]
[White "Zelenika, Srdjan"]
[Black "Lazovic, Gordan"]
[Result "1/2-1/2"]
[WhiteElo "2270"]
[BlackElo "2310"]

1.Nf3 d5 2.g3 Nf6 3.Bg2 e6 4.O-O Be7 5.d3 b6 6.Nbd2 Bb7 7.e4 dxe4 8.dxe4 O-O
9.e5 Nfd7 10.Re1 Nc5 11.Qe2 a5 12.Nf1 Nc6 13.Rd1 Qe8 14.Bf4 Rd8 15.Ne3 Rxd1+
16.Rxd1 Qa8 17.h4 Rd8 18.h5 Rxd1+ 19.Qxd1 h6 20.Ne1 Qd8 21.Qxd8+ Nxd8 22.Bxb7 Ndxb7
23.Nd1 Nd7 24.Nd3 Nbc5 25.Nxc5  1/2-1/2

[Event "CRO-chT2"]
[Site "Medulin"]
[Date "1997.??.??"]
[Round "?"]
[White "Petrovic, Zvonko"]
[Black "Mirnic, Mirko"]
[Result "1-0"]
[WhiteElo "2285"]
[BlackElo "2115"]

1.Nf3 d5 2.g3 Nf6 3.Bg2 e6 4.O-O Be7 5.d4 O-O 6.c4 b6 7.Nc3 Bb7 8.Ne5 Nbd7
9.Nd3 Re8 10.cxd5 exd5 11.Qb3 Nf8 12.Nf4 c6 13.Rd1 Bd6 14.Qc2 Qe7 15.a3 Ne6
16.Nxe6 Qxe6 17.b4 Ne4 18.Nxe4 dxe4 19.Be3 Qd5 20.f3 f5 21.fxe4 fxe4 22.Rdc1 a5
23.Qc3 axb4 24.axb4 Rxa1 25.Rxa1 Ra8 26.Rxa8+ Bxa8 27.Qa3 c5 28.bxc5 bxc5
29.dxc5 Be5 30.Qb4 Bc6 31.Kf2 Qf7+ 32.Kg1 Qd5 33.Kf2 Qf7+ 34.Ke1 Qd5 35.Bf4 Bxf4
36.gxf4 Kf7 37.Qc3 Kg6 38.Bh3 Bb5 39.Kf2 Qa2 40.Qe3 Qc2 41.Be6 h6 42.Bb3 Qb1
43.Bd5 Kf5 44.Qh3+ Kxf4 45.e3+ Kg5 46.Qg3+ Kf6 47.Qd6+  1-0

[Event "CRO-chT"]
[Site "Medulin"]
[Date "1997.??.??"]
[Round "?"]
[White "Sulava, Nenad"]
[Black "Petrov, Jole"]
[Result "1-0"]
[WhiteElo "2380"]
[BlackElo "2365"]

1.Nf3 d5 2.g3 Bg4 3.Bg2 c6 4.c4 e6 5.O-O Nd7 6.d3 Ngf6 7.Nc3 Be7 8.Be3 O-O
9.Qb3 Qc7 10.cxd5 Nxd5 11.Nxd5 exd5 12.Rfc1 Bf6 13.Rc2 Bxf3 14.Bxf3 d4 15.Bf4 Ne5
16.Bg2 Qb6 17.Qa4 Rfe8 18.Rac1 Ng6 19.Bd6 Be7 20.Bxe7 Rxe7 21.Kf1 Ne5 22.b4 Rae8
23.Qa5 Qxa5 24.bxa5 a6 25.Rb2 Rc7 26.Rcb1 Ree7 27.Rb4 Red7 28.Bh3 Rd5 29.Rxb7 Rxb7
30.Rxb7 Kf8 31.f4 Ng6 32.Bg2 Rxa5 33.Bxc6 Rc5 34.Ba4 Ne7 35.Bb3 h5 36.Kf2 f6
37.Rd7 Nf5 38.Be6 g6 39.Bxf5 Rxf5 40.Rxd4 Ra5 41.a4 Ke7 42.e4 Rc5 43.Rc4  1-0

[Event "CRO-chT2"]
[Site "Medulin"]
[Date "1997.??.??"]
[Round "?"]
[White "Vukovic, Ivo"]
[Black "Mufic, Goran"]
[Result "1/2-1/2"]
[WhiteElo "2295"]
[BlackElo "2350"]

1.Nf3 d5 2.g3 c6 3.b3 Bf5 4.Bb2 e6 5.Bg2 Nf6 6.O-O Be7 7.d3 O-O 8.c4 Nbd7
9.Nbd2 h6 10.Rc1 a5 11.a3 Qb6 12.Rc2 c5 13.cxd5 exd5 14.a4 Rac8 15.Qa1 Nb8
16.Rcc1 Qa6 17.Rfe1 Nc6 18.e4 Be6 19.Bf1 Qa7 20.exd5 Bxd5 21.Ne4 Ne8 22.Nfd2 b6
23.Nc3 Be6 24.Nb5 Qd7 25.Nc4 Rb8 26.Rcd1 Bg4 27.Be2 Bf6 28.Bxg4 Qxg4 29.Bxf6 Nxf6
30.d4 Rfd8 31.dxc5 bxc5 32.Qb1 Qh3 33.Qc2 Rxd1 34.Rxd1 Re8 35.f3 h5 36.Qg2 Qe6
37.Qf2 h4 38.gxh4 Nh5 39.Qd2 Qh3 40.Qg2 Qxh4 41.Qg4 Re1+ 42.Rxe1 Qxe1+ 43.Kg2 Qe2+
44.Kg1 Qe1+ 45.Kg2 Qe2+ 46.Kg1 g6 47.Qe4 Qd1+ 48.Kg2 Nd4 49.Nxd4 cxd4 50.Nd6 Qxb3
51.Qxd4 Qa2+ 52.Kg1 Qb1+ 53.Kg2 Qc2+ 54.Kg1 Qc1+ 55.Kf2 Qc2+ 56.Kg1 g5 57.Qe5 Qd1+
58.Kf2 Qd2+ 59.Kf1 Qd1+  1/2-1/2

[Event "Mehlingen op"]
[Site "Mehlingen"]
[Date "1997.??.??"]
[Round "2"]
[White "Chalus, Karel"]
[Black "Tchiviksine, Valerie"]
[Result "1-0"]
[WhiteElo "2050"]
[BlackElo "1850"]

1.Nf3 d5 2.g3 c6 3.Bg2 Nf6 4.d3 Nbd7 5.Nbd2 e5 6.e4 Bd6 7.O-O O-O 8.c3 Re8
9.Re1 Nb6 10.h3 Bd7 11.Qe2 Qc8 12.Kh2 Qc7 13.Nf1 h6 14.Ne3 dxe4 15.dxe4 Rad8
16.b3 Be6 17.Bb2 Nbd7 18.Rad1 b5 19.c4 bxc4 20.Nxc4 Bxc4 21.Qxc4 Nb6 22.Qc2 Bb4
23.Rxd8 Qxd8 24.Rd1 Qc7 25.Nxe5 Rxe5 26.Bxe5 Qxe5 27.Rd8+ Bf8 28.f4 Qc7 29.Rd1 Nfd7
30.e5 c5 31.Qe4 Be7 32.Bf1 Nf8 33.Bb5 Ne6 34.h4 Nd4 35.Bd3 g6 36.h5 Qc6 37.hxg6 Qxe4
38.gxf7+ Kxf7 39.Bxe4 Ke6 40.Kh3 Nd5 41.Bxd5+ Kxd5 42.Kg4 Ke6 43.Re1 Nf5
44.Kf3 h5 45.g4 hxg4+ 46.Kxg4 Bh4 47.Rh1 Bf2 48.Rh5 Ne7 49.Rh6+ Kd5 50.Kf3 Nf5
51.Rf6 Nd4+ 52.Kxf2 Ne6 53.Ke3 a5 54.a4  1-0

[Event "Metz op"]
[Site "Metz"]
[Date "1997.??.??"]
[Round "5"]
[White "Shpilker, Boris"]
[Black "Korneev, Oleg"]
[Result "1/2-1/2"]
[WhiteElo "2370"]
[BlackElo "2590"]

1.Nf3 d5 2.g3 c6 3.Bg2 Bg4 4.O-O Nd7 5.d3 Ngf6 6.Qe1 e5 7.e4 dxe4 8.dxe4 Be7
9.Nbd2 O-O 10.h3 Bh5 11.Nc4 Qc7 12.a4 Rfe8 13.Nh4 Nc5 14.Nf5 Bf8 15.Bd2 Nfd7
16.a5 f6 17.Be3 b5 18.axb6 axb6 19.Qd2 Rxa1 20.Rxa1 Rd8 21.b4 Ne6 22.c3 b5
23.Ra7 Qb8 24.Rxd7 bxc4 25.Bf1 Rxd7 26.Qxd7 Qe8 27.Qxe8 Bxe8 28.Bxc4 Bf7
29.h4 Nc7 30.Bxf7+ Kxf7 31.Bd2 Nb5 32.Kf1 g6 33.Ne3 Nd6 34.f3 h5 35.Ke2 f5
36.Kd3 Ke6 37.Nc4 Nxc4 38.Kxc4 f4 39.gxf4 Be7 40.f5+ gxf5 41.Be1 f4 42.Kb3 Kd7
43.Ka4 Kc7 44.Ka5 Kb7 45.Bf2 Bd8+ 46.Ka4 Bf6 47.b5 Be7 48.c4 c5 49.Be1  1/2-1/2

[Event "Metz op"]
[Site "Metz"]
[Date "1997.??.??"]
[Round "9"]
[White "Markowski, Tomasz"]
[Black "Korneev, Oleg"]
[Result "1/2-1/2"]
[WhiteElo "2510"]
[BlackElo "2590"]

1.g3 d5 2.Nf3 g6 3.c4 d4 4.Bg2 Bg7 5.O-O e5 6.d3 Ne7 7.b4 O-O 8.Bb2 Re8 9.Nbd2 Nd7
10.Nb3 Rb8 11.Re1 b6 12.Qc2 Bb7 13.e3 dxe3 14.Rxe3 Nf5 15.Re2 c5 16.bxc5 bxc5
17.Rae1 f6 18.Nfd2 Bxg2 19.Kxg2 Qc7 20.f4 Qc6+ 21.Kg1 Re7 22.fxe5 Rbe8 23.Nf1 Nxe5
24.Bxe5 fxe5 25.Ne3 e4 26.Nxf5 gxf5 27.dxe4 fxe4 28.Qd2 Re5 29.Rd1 Qe6 30.Qc2 h5
31.Rf1 Rg5 32.Rf4 Rg4 33.Rexe4 Qxe4 34.Rxe4 Rgxe4 35.Qd3 Kh8 36.Kg2 h4 37.Nxc5 Re2+
38.Kh3 hxg3 39.hxg3 R2e3 40.Qd6 Kh7 41.Qc7 R8e5 42.Qc6 Rh5+ 43.Kg2 Rg5 44.Qc7 Kg6
45.Qd6+ Bf6 46.Nd7 Rgxg3+ 47.Qxg3+ Rxg3+ 48.Kxg3 Bb2 49.Kf4 Kf7 50.Ke4 Ke6
51.Nc5+ Kd6 52.Nd3 Bg7 53.Ke3 Bh6+ 54.Ke2 Ke6 55.Nb4 Kd6 56.Nd3 Ke6 57.Nc5+ Kd6
58.Nb3 Kc6 59.Kd3 Bg7 60.Nd4+ Kb6 61.Ne6 Bf6 62.Kc2 Kc6 63.Kb3 Kd6 64.Nf4 Kc5
65.Nd3+ Kd4 66.Nb2 Be7 67.Na4 Bf8 68.Nc3 a6 69.Nd5 Bd6 70.Nb4 a5 71.Nc6+ Kc5
72.Na7 a4+ 73.Kc3 Be5+ 74.Kd3 Bb2 75.Nb5 Kb4 76.Nd4 Kc5 77.Nc2 Bg7 78.Ne3 Kb4
79.Nd5+ Kc5 80.Nc3 Kb4 81.Nb5 Kc5 82.a3 Bb2  1/2-1/2

[Event "Minsk op"]
[Site "Minsk"]
[Date "1997.??.??"]
[Round "6"]
[White "Mirumian, Vigen"]
[Black "Rustemov, Alexander"]
[Result "1-0"]
[WhiteElo "2425"]
[BlackElo "2550"]

1.Nf3 d5 2.g3 Bg4 3.Bg2 Nd7 4.O-O c6 5.d3 Ngf6 6.Nbd2 e5 7.e4 Bd6 8.h3 Bh5
9.Qe2 O-O 10.g4 Bg6 11.Nh4 Re8 12.Nf5 Nc5 13.Re1 Ne6 14.Nf1 dxe4 15.dxe4 Bc5
16.N1g3 Qb6 17.g5 Nf4 18.Bxf4 exf4 19.gxf6 fxg3 20.Nxg3 Qxb2 21.fxg7 Qe5
22.Kh1 Rad8 23.Rf1 Qg5 24.Qg4 Qxg4 25.hxg4 Kxg7 26.f4 f6 27.e5 fxe5 28.f5 Bf7
29.Ne4 Be3 30.Rab1 b5 31.a4 Bc4 32.axb5 cxb5 33.Rf3 Bb6 34.g5 Rd4 35.Rh3 Bd8
36.f6+ Kg8 37.c3 Rd7 38.Nc5 Rc7 39.Na6 Rf7 40.Be4 Bb6 41.Rd1 Rd8 42.Rxd8+ Bxd8
43.Nb4 Be6 44.Rh4 Rd7 45.Nc6 Bd5 46.Bxd5+ Rxd5 47.Ne7+ Bxe7 48.fxe7 Rd1+
49.Kg2 Kf7 50.Rxh7+ Ke8 51.g6  1-0

[Event "Minsk op"]
[Site "Minsk"]
[Date "1997.??.??"]
[Round "8"]
[White "Chernuschevich, Alexei"]
[Black "Kharlov, Andrei"]
[Result "1-0"]
[WhiteElo "2425"]
[BlackElo "2555"]

1.Nf3 d5 2.g3 Bg4 3.Bg2 Nd7 4.d3 e5 5.Nbd2 Ngf6 6.h3 Bh5 7.e4 dxe4 8.dxe4 Be7
9.g4 Bg6 10.Nh4 O-O 11.Nf5 Re8 12.Nc4 Nc5 13.Qe2 Ne6 14.O-O Bc5 15.c3 Nf4
16.Bxf4 exf4 17.e5 c6 18.Rad1 Qc7 19.Qd2 Bxf5 20.gxf5 Rxe5 21.Nxe5 Qxe5 22.Qd3 a5
23.Rfe1 Qc7 24.Re2 h5 25.Qc4 Bf8 26.Qd4 a4 27.Qe5 Qb6 28.Qxf4 a3 29.b3 Qc5
30.Qe5 Qb6 31.Qd4 Bc5 32.Qc4 Qa7 33.b4 Bf8 34.b5 Rc8 35.Red2 Be7 36.Bf3 Qb6
37.bxc6 bxc6 38.Qe2 Qc5 39.Qe3 Qxf5 40.Qxe7 Qxf3 41.Rd8+ Kh7 42.Qe3 Qf5 43.Rxc8 Qxc8
44.c4 Qa6 45.c5 Qa4 46.Rd4 Qa5 47.Rd3 Nd5 48.Rxa3 Qb4 49.Rb3 Qc4 50.Qf3 Kg6
51.Rb7 Nf6 52.Qg3+  1-0

[Event "Mislata op 6th"]
[Site "Mislata"]
[Date "1997.??.??"]
[Round "6"]
[White "Diaz Benitez, Ricardo"]
[Black "Rodriguez Herreros, Victor"]
[Result "0-1"]
[WhiteElo "2335"]
[BlackElo "2255"]

1.Nf3 d5 2.g3 f5 3.Bg2 Nf6 4.O-O e6 5.d4 Bd6 6.b3 Qe7 7.Bb2 O-O 8.Ne5 c6
9.Nd2 Qc7 10.c4 Nbd7 11.Ndf3 Ne4 12.e3 Ndf6 13.Rc1 Qe7 14.Ne1 Ng5 15.N1d3 Nf7
16.a4 g5 17.c5 Bc7 18.b4 Bd7 19.Bc3 g4 20.Nxf7 Rxf7 21.h4 gxh3 22.Bxh3 Rg7
23.Bg2 Be8 24.Nf4 h5 25.Qf3 Kh8 26.Rfd1 h4 27.gxh4 Bxf4 28.Qxf4 Bh5 29.f3 Rag8
30.Rd2 Bxf3 31.Qxf3 Rg3 32.Qf4 Qg7 33.Rcc2 Ne4 34.Qe5 Qxe5 35.dxe5 Nxd2 36.Rxd2 f4
37.Kh2 R8g4 38.Rf2 Rxh4+ 39.Kg1 Rhg4 40.Kh2 Rh4+ 41.Kg1 fxe3 42.Re2 d4 43.Be1 Rhg4
44.Bxg3 Rxg3 45.Kf1 d3 46.Rb2 e2+  0-1

[Event "Mondariz op"]
[Site "Mondariz"]
[Date "1997.??.??"]
[Round "?"]
[White "Miguel, Victor"]
[Black "Giorgadze, Giorgi"]
[Result "0-1"]
[WhiteElo "2285"]
[BlackElo "2625"]

1.Nf3 d5 2.g3 g6 3.Bg2 Bg7 4.d4 e6 5.O-O Ne7 6.Nbd2 Nbc6 7.e3 O-O 8.c4 b6
9.b3 a5 10.Bb2 Ba6 11.Ne5 Nxe5 12.dxe5 c5 13.f4 Ra7 14.Qe2 a4 15.Rad1 Qb8
16.Rf2 Rd8 17.e4 d4 18.Bf1 Nc6 19.Nb1 Bf8 20.Na3 Nb4 21.Bc1 axb3 22.axb3 Bb7
23.Bg2 Bc6 24.h4 Qa8 25.Nb5 Ra1 26.f5 d3 27.Qg4 d2 28.Rfxd2 Rxd2 29.Bxd2 exf5
30.Qe2 Rxd1+ 31.Qxd1 Bxe4 32.Bxb4 cxb4 33.Qf1 Bxg2 34.Qxg2 Qa1+ 35.Kh2 Qxe5
36.Qf3 Bc5 37.h5 Kg7  0-1

[Event "Mondariz op"]
[Site "Mondariz"]
[Date "1997.??.??"]
[Round "?"]
[White "Damljanovic, Branko"]
[Black "Gulko, Boris F"]
[Result "1/2-1/2"]
[WhiteElo "2540"]
[BlackElo "2580"]

1.Nf3 d5 2.g3 c5 3.Bg2 Nc6 4.d4 e6 5.O-O cxd4 6.Nxd4 Bc5 7.Nb3 Bb6 8.c4 Nge7
9.cxd5 Nxd5 10.Na3 O-O 11.Nc4 Bc7 12.Bd2 Qe7 13.Ne3 Nf6 14.Qc2 Bd7 15.Rad1 Rac8
16.Bc3 Be5 17.Qd2 Bxc3 18.Qxc3 Nb4 19.Qe5 Ba4 20.Rd4 Bxb3 21.axb3 Nc2 22.Rc4 Nxe3
23.Qxe3 Rxc4 24.bxc4 b6 25.b3 Rd8 26.Qe5 h6 27.Bf3 Qb4 28.Rb1 a5 29.h4 Qd6
30.Qxd6 Rxd6 31.Kf1 Nd7 32.Ke1 Kf8 33.b4 axb4 34.Rxb4 Ke7 35.Be4 f5 36.Bc2 g5
37.hxg5 hxg5 38.Ra4 Ne5 39.f4 gxf4 40.gxf4 Ng4 41.Ra7+ Kf6 42.Ra6 Ne3 43.Bb3 Rc6
44.c5 Rxc5 45.Rxb6 Ng2+ 46.Kf2 Nxf4 47.Kf3 Ke5 48.e3 Nd5 49.Bxd5 Rxd5 50.Ra6 Rb5
51.Ra8 Kd6 52.Rf8 Ke7 53.Ra8 e5 54.Ra6 Rb2 55.Rc6 Rd2 56.Rh6 Rd3 57.Ke2 Rd6
58.Rh7+ Ke6 59.Rh6+ Kd5 60.Rh5 Rf6 61.Kf3 Ke6 62.Rh8 Rf7 63.Rh6+ Kd5 64.Rh5 Rf8
65.Rg5 Ke6 66.Rg6+ Rf6 67.Rg8 Rh6 68.Re8+ Kd6 69.Ra8 Rh3+ 70.Kf2 Rh2+ 71.Kg3 Rc2
72.Rd8+ Ke6 73.Rd3 e4 74.Ra3 Re2 75.Ra6+ Ke5 76.Ra5+ Ke6 77.Ra6+ Kd5 78.Ra5+ Kc4
79.Rxf5 Kd3 80.Ra5 Rc2 81.Kf4 Rf2+ 82.Ke5  1/2-1/2

[Event "Mitropa Cup 17th"]
[Site "Montecatini Terme"]
[Date "1997.??.??"]
[Round "7"]
[White "Forster, Richard"]
[Black "Varga, Zoltan"]
[Result "1-0"]
[WhiteElo "2460"]
[BlackElo "2495"]

1.Nf3 d5 2.g3 c5 3.Bg2 Nc6 4.O-O e5 5.d3 Bg4 6.c4 d4 7.h3 Bf5 8.e3 dxe3 9.Bxe3 Bxd3
10.Re1 Bxc4 11.Qa4 b5 12.Qa3 Rc8 13.Nc3 Qb6 14.Rad1 f6 15.Nd5 Bxd5 16.Rxd5 Nge7
17.Qxc5 Nxd5 18.Qxd5 Nb4 19.Qb3 Qa6 20.a3 Nc2 21.Bf1 Qb7 22.Bxb5+ Ke7 23.Rd1 Rc7
24.Nxe5 Nd4 25.Qf7+ Kd6 26.Rxd4+ Kxe5 27.f4+  1-0

[Event "Mitropa Cup 17th"]
[Site "Montecatini Terme"]
[Date "1997.??.??"]
[Round "8"]
[White "Anic, Darko"]
[Black "Pcola, Pavel"]
[Result "1/2-1/2"]
[WhiteElo "2445"]
[BlackElo "2445"]

1.Nf3 d5 2.g3 Nf6 3.Bg2 Nbd7 4.c4 e6 5.b3 Be7 6.Bb2 O-O 7.O-O c6 8.Qc2 b6
9.d3 Bb7 10.e4 Ne8 11.Nbd2 c5 12.Rfe1 d4 13.e5 Nc7 14.b4 Na6 15.b5 Nc7 16.h4 f5
17.exf6 gxf6 18.Bc1 a6 19.a4 axb5 20.cxb5 Bd5 21.Nc4 Kh8 22.Bd2 Ra7 23.Reb1 Qa8
24.Ne1 Bxg2 25.Nxg2 Nd5 26.Nf4 Nxf4 27.Bxf4 e5 28.Bh6 Rg8 29.Re1 Qd5 30.Qe2 Bf8
31.Bd2 Bg7 32.Qh5 Qe6 33.a5 bxa5 34.Rxa5 Rxa5 35.Bxa5 f5 36.Bc7 Nf6 37.Qg5 e4
38.b6 Nd5 39.Rb1 h6 40.Qh5 Nc3 41.Ra1 exd3 42.Nd6 Rf8 43.b7 d2 44.b8=Q Rxb8
45.Bxb8 Qe1+ 46.Kg2 Qxa1 47.Nf7+ Kg8 48.Nxh6+ Bxh6 49.Qe8+ Kh7 50.Qf7+ Bg7
51.Qxf5+ Kg8  1/2-1/2